Fundamentals of business statistics / (Record no. 10989)

MARC details
000 -LEADER
fixed length control field 01376nam a2200385 i 4500
003 - CONTROL NUMBER IDENTIFIER
control field EG-ScBUE
005 - DATE AND TIME OF LATEST TRANSACTION
control field 20250109093251.0
006 - FIXED-LENGTH DATA ELEMENTS--ADDITIONAL MATERIAL CHARACTERISTICS--GENERAL INFORMATION
fixed length control field m||||fq||h 00| 0
008 - FIXED-LENGTH DATA ELEMENTS--GENERAL INFORMATION
fixed length control field 090302t2009 ohua f 001 0 eng d
020 ## - INTERNATIONAL STANDARD BOOK NUMBER
International Standard Book Number 9780324654257
020 ## - INTERNATIONAL STANDARD BOOK NUMBER
International Standard Book Number 0324654251
040 ## - CATALOGING SOURCE
Original cataloging agency EG-ScBUE
Language of cataloging eng
Description conventions rda
Transcribing agency EG-ScBUE
Modifying agency EG-ScBUE
082 04 - DEWEY DECIMAL CLASSIFICATION NUMBER
Edition number 22
Classification number 519.5024658
Item number SWE
100 1# - MAIN ENTRY--PERSONAL NAME
9 (RLIN) 2228
Personal name Sweeney, Dennis J.,
Relator term author.
245 10 - TITLE STATEMENT
Title Fundamentals of business statistics /
Statement of responsibility, etc Dennis J. Sweeney, University of Cincinnati, Thomas A. Williams, Rochester Institute of Technology, David R. Anderson, University of Cincinnati.
250 ## - EDITION STATEMENT
Edition statement Fifth edition.
250 ## - EDITION STATEMENT
Edition statement International student edition.
264 #1 - PUBLICATION, DISTRIBUTION, ETC. (IMPRINT)
Place of publication, distribution, etc Mason :
Name of publisher, distributor, etc South-Western, Cengage Learning,
Date of publication, distribution, etc [2009]
264 #4 - PUBLICATION, DISTRIBUTION, ETC. (IMPRINT)
Date of publication, distribution, etc c2009
300 ## - PHYSICAL DESCRIPTION
Extent xv, 656 pages :
Other physical details illustrations ;
Dimensions 24 cm +
Accompanying material 1 CD
336 ## - CONTENT TYPE
Source rdacontent
Content type term text
Content type code txt
336 ## - CONTENT TYPE
Source rdacontent
Content type term sounds
Content type code snd
337 ## - MEDIA TYPE
Media type term unmediated
Source rdamedia
Media type code n
337 ## - MEDIA TYPE
Media type term audio
Source rdamedia
Media type code s
338 ## - CARRIER TYPE
Carrier type term volume
Carrier type code nc
Source rdacarrier
338 ## - CARRIER TYPE
Carrier type term computer disc
Carrier type code cd
Source rdacarrier
500 ## - GENERAL NOTE
General note Includes index.
500 ## - GENERAL NOTE
General note Includes Appendices.<br/>
650 #7 - SUBJECT ADDED ENTRY--TOPICAL TERM
9 (RLIN) 802
Topical term or geographic name as entry element Commercial statistics.
Source of heading or term BUEsh
653 ## - INDEX TERM--UNCONTROLLED
Resource For college Generalities
-- BAEPS, Business Administration
Arrived date list September2017
655 ## - INDEX TERM--GENRE/FORM
Form subdivision Reading book
700 1# - ADDED ENTRY--PERSONAL NAME
Personal name Williams, Thomas A.,
Relator term author.
700 1# - ADDED ENTRY--PERSONAL NAME
Personal name Anderson, David R.,
Relator term author.
9 (RLIN) 10301
942 ## - ADDED ENTRY ELEMENTS (KOHA)
Source of classification or shelving scheme Dewey Decimal Classification
Koha item type Book - Borrowing
Holdings
Withdrawn status Lost status Source of classification or shelving scheme Damaged status Not for loan Collection code Home library Current library Shelving location Date acquired Source of acquisition Cost, normal purchase price Total Checkouts Total Renewals Full call number Barcode Date last seen Date checked out Cost, replacement price Price effective from Koha item type
    Dewey Decimal Classification     Baccah Central Library Central Library First floor 02/03/2009 Purchase 150.00 1 1 519.5024658 SWE 000015228 15/07/2025 21/05/2009 190.00 02/03/2009 Book - Borrowing
    Dewey Decimal Classification     Baccah Central Library Central Library First floor 02/03/2009 Purchase   4 1 519.5024658 SWE 000015227 15/07/2025 08/05/2016   02/03/2009 Book - Borrowing
    Dewey Decimal Classification     Baccah Central Library Central Library First floor 02/03/2009 Purchase   2   519.5024658 SWE 000015226 15/07/2025 26/03/2009   02/03/2009 Book - Borrowing
    Dewey Decimal Classification     Baccah Central Library Central Library First floor 02/03/2009 Purchase       519.5024658 SWE 000015225 15/07/2025     02/03/2009 NB - Book (Non borrowing)
    Dewey Decimal Classification     Baccah Central Library Central Library First floor 02/03/2009 Purchase       519.5024658 SWE 000015224 24/08/2022     02/03/2009 CD | DVD - With book (NB)
    Dewey Decimal Classification     Baccah Central Library Central Library First floor 02/03/2009 Purchase       519.5024658 SWE 000015223 24/08/2022     02/03/2009 CD | DVD - With book
    Dewey Decimal Classification     Baccah Central Library Central Library First floor 02/03/2009 Purchase       519.5024658 SWE 000015222 24/08/2022     02/03/2009 CD | DVD - With book
    Dewey Decimal Classification     Baccah Central Library Central Library First floor 02/03/2009 Purchase       519.5024658 SWE 000015221 24/08/2022     02/03/2009 CD | DVD - With book
    Dewey Decimal Classification     Baccah Central Library Central Library First floor 24/04/2012 Purchase   3 6 519.5024658 SWE 000026721 15/07/2025 09/10/2022   24/04/2012 Book - Borrowing
    Dewey Decimal Classification     Baccah Central Library Central Library First floor 24/04/2012 Purchase       519.5024658 SWE 000026722 24/08/2022     24/04/2012 CD | DVD - With book
    Dewey Decimal Classification     Donation-Gift Central Library Central Library First floor 19/09/2017 Donation       519.5024658 SWE 000042033 15/07/2025     19/09/2017 Book - Borrowing
    Dewey Decimal Classification     Donation-Gift Central Library Central Library First floor 19/09/2017 Donation       519.5024658 SWE 000042034 24/08/2022     19/09/2017 CD | DVD - With book